Communal riots in Bengal, 1905-1947 (Record no. 343520)

000 -LEADER
fixed length control field 00468cam a22001457a 4500
008 - FIXED-LENGTH DATA ELEMENTS--GENERAL INFORMATION
fixed length control field 180718b1991 xxu||||| |||| 00| 0 eng d
082 ## - DEWEY DECIMAL CLASSIFICATION NUMBER
Classification number Q812x5412 D26
100 ## - MAIN ENTRY--PERSONAL NAME
Personal name Das, Suranjan
245 ## - TITLE STATEMENT
Title Communal riots in Bengal, 1905-1947
Statement of responsibility, etc. by Suranjan Das
260 ## - PUBLICATION, DISTRIBUTION, ETC.
Place of publication, distribution, etc. Delhi
Name of publisher, distributor, etc. Oxford University Press
Date of publication, distribution, etc. 1991
300 ## - PHYSICAL DESCRIPTION
Extent 311p.
440 ## - SERIES STATEMENT/ADDED ENTRY--TITLE
Title Oxford university south Asian studies series
650 ## - SUBJECT ADDED ENTRY--TOPICAL TERM
Topical term or geographic name entry element Communalism - India - West Bengal
650 ## - SUBJECT ADDED ENTRY--TOPICAL TERM
Topical term or geographic name entry element Riots - India - West Bengal
Holdings
Withdrawn status Lost status Damaged status Not for loan Permanent Location Current Location Date acquired Full call number Barcode Date last seen Price effective from Koha item type
        Indian Institute of Public Administration Indian Institute of Public Administration 1993-09-29 Q812x5412 D26 65880 2018-07-21 2018-07-21 Book

Powered by Koha